000
00333nam a2200133Ia 4500
008
240624s9999 xx 000 0 und d
041
_a
eng
082
_a
020 MAH
100
_a
MAHAPATRA P K
245
_a
REDESIGNING THE LIBRARY
260
_c
2006
_a
New Delhi
_b
Ess Ess Publications
300
_a
289 : p. : cm. ; 21
365
_c
RS
_b
20
999
_c
8408
_d
8408